O balão aos habitantes da lua (Registo nº 201894)

Detalhes MARC
000 -Etiqueta do registo
Valores 00644nam 22001933 4500
100 ## - Dados gerais de processamento
Dados gerais 20260422d u||y0pory50 ba
200 ## - Titulo e menção de responsabilidade
Título próprio O balão aos habitantes da lua
Primeira menção de responsabilidade José Daniel Rodrigues da Costa
210 ## - Publicação
Local de publicação Lisboa
Nome do editor Edições 70
Data de publicação imp.1978
215 ## - Descrição física 
Paginação / Volumes 91, [4] p.
Outras indicações físicas il. ; brochado
Dimensões 20 cm
225 ## - Colecção 
Título próprio da colecção Textos breves
Indicação de volume 4
300 ## - Notas gerais 
Texto da nota Contém dedicatória na folha de guarda
606 ## - Nome comum usado como assunto
ID Autoridade 23
Palavra de ordem Literatura Portuguesa
Subdivisão assunto Poesia
675 ## - CDU
Notação 821.134.3-1"17/18"
Edição PT
Língua por
700 ## - Autor principal (pessoa individual)
ID Autoridade 17168
Apelido Costa
Nome José Daniel Rodrigues da
Datas 1757-1832
801 ## - Fonte de origem
País PT
Agência BMMN
Regras de catalogação RPC
830 ## - Notas gerais do catalogador
Criado por Ana Falardo
Indexado por Ana Falardo
990 ## - Elementos KOHA
Tipo de documento Livro
Exemplares
Situação do levantamento Biblioteca de origem Código de barras Cota Permissão de empréstimo Tipo de documento Nota relativa ao exemplar Forma de aquisição
  Biblioteca Municipal de Montemor-o-Novo 31290 821.134.3-1 COS|SAF   Livro Acesso condicionado Oferta

Powered by Koha